Los túneles del alma / (Record no. 179537)

MARC details
000 -LEADER
campo de control de longitud fija 00675nam a2200193 i 4500
001 - NÚMERO DE CONTROL
campo de control 179537
003 - IDENTIFICADOR DE NÚMERO DE CONTROL
campo de control ES-MaACL
005 - FECHA Y HORA DE LA ÚLTIMA TRANSACCIÓN
campo de control 20230921204502.0
008 - DATOS DE LONGITUD FIJA--INFORMACIÓN GENERAL
campo de control de longitud fija 111221s2009 sp a |||| | spa d
080 ## - NÚMERO DE LA CLASIFICACIÓN DECIMAL UNIVERSAL
Número de la Clasificación Decimal Universal 821.134.2-14"19"
100 1# - ENTRADA PRINCIPAL--NOMBRE DE PERSONA
Nombre de persona Jiménez Caraballo, Julia.
9 (RLIN) 148777
245 14 - MENCIÓN DEL TÍTULO
Título Los túneles del alma /
Mención de responsabilidad, etc. Julia Jiménez Caraballo.
260 ## - PUBLICACIÓN, DISTRIBUCIÓN, ETC.
Lugar de publicación, distribución, etc. [S.l. :
Nombre del editor, distribuidor, etc. s.n.],
Fecha de publicación, distribución, etc. imp. 2009 (
Lugar de fabricación/manufactura Algeciras, Cádiz :
Fabricante Digigrafic)
300 ## - DESCRIPCIÓN FÍSICA
Extensión 107 p. :
Otras características físicas il. ;
Dimensiones 21 cm.
852 ## - LOCALIZACIÓN
Ubicación ES-MaACL
Número de control de estantería A-11752
Sublocalización o colección R.146386
Ubicación en estantería Depósito 1
Signatura antigua Olim: N-4757
Encuadernación Donación: Julia Jiménez Caraballo
903 ## - NOMBRE PERSONAL DE DONANTE
9 148777
a Jiménez Caraballo, Julia
e Donante
942 ## - ELEMENTOS DE ENTRADA SECUNDARIOS (KOHA)
Fuente del sistema de clasificación o colocación Clasificación decimal universal
Tipo de ítem Koha Libro impreso
Holdings
Estatus retirado Estado de pérdida Fuente del sistema de clasificación o colocación Estado de daño No para préstamo Biblioteca de origen Biblioteca actual Ubicación en estantería Fecha de adquisición Fuente de adquisición Total de préstamos Signatura topográfica completa Código de barras Visto por última vez Precio de reemplazo Tipo de ítem Koha
    Clasificación decimal universal     Biblioteca del Ateneo de Madrid Biblioteca del Ateneo de Madrid Depósito 1 21/12/2011 Donación   A-11752 1188608 23/02/2023 23/02/2023 Libro impreso